000 00661nam a22002177a 4500
008 131021b xxu||||| |||| 00| 0 alb d
020 _a9789951021447
041 0 _aalb
080 _a321.7
100 1 _aMidgaard, Knut
245 _aDemokracia - kushtet dhe pasojat /
_cKnut Midgaard, Bjorn Erik Rasch : [Përkthyer nga Ermir Pulaha]
260 _aPrishtinë :
_bRozafa ;
_c2004.
300 _a383 f. :
_bme il. ;
_c21 cm.
500 _aParathënie : f. 3.
505 _aLitertura : f. 364-365.
505 _aTreguesi i emrave : f. 369-383
650 _aDemokracia
650 _aPolitika dhe qeverisja
700 1 _aRasch, Bjorn Erik
942 _2udc
_cBK
999 _c141
_d141